[Event "21. Activity-Cup"]
[Site "Tennispoint Vienna, 1030 Wien,"]
[Date "2018.07.24"]
[Round "4.4"]
[White "Manukyan, Sem"]
[Black "Peraus, Tizian"]
[Result "0-1"]
[WhiteElo "1166"]
[BlackElo "1186"]
[PlyCount "56"]
[EventDate "2018.07.23"]

1. d4 f5 2. e3 Nf6 3. c3 e6 4. f4 b6 5. Nf3 Bb7 6. Nbd2 Be7 7. Bd3 Nc6 8. b3
O-O 9. O-O Qe8 10. Bb2 Qg6 11. Ne5 Nxe5 12. Nf3 Nxf3+ 13. Rxf3 Bxf3 14. Qxf3
Rab8 15. Rf1 d5 16. Qh3 Ne4 17. Rf3 Rf6 18. Bxe4 dxe4 19. Rg3 Qh6 20. Qxh6 Rxh6
21. c4 Rf8 22. c5 Bf6 23. cxb6 axb6 24. Ba3 Rd8 25. Kf1 Rxh2 26. Kg1 Rh6 27.
Kf2 Bh4 28. Bc1 Bxg3+ 0-1

[Event "21. Activity-Cup"]
[Site "Tennispoint Vienna, 1030 Wien,"]
[Date "2018.07.24"]
[Round "4.5"]
[White "Broneder, Kurt"]
[Black "Djeno, Marta"]
[Result "0-1"]
[WhiteElo "1098"]
[BlackElo "1065"]
[PlyCount "120"]
[EventDate "2018.07.23"]

1. f4 d6 2. Nf3 g6 3. e3 Bg7 4. Be2 Nf6 5. O-O O-O 6. d3 c5 7. Bd2 Nc6 8. Qc1
a6 9. e4 Ng4 10. h3 Bd4+ 11. Kh1 Nf6 12. Nxd4 Nxd4 13. Rf2 Bd7 14. f5 Ba4 15.
b3 Bc6 16. Nc3 Nxe2 17. Nxe2 b5 18. c4 b4 19. Rf3 Qa5 20. a3 Qb6 21. axb4 cxb4
22. Be3 Qb7 23. Nf4 Rfe8 24. Rg3 Bd7 25. Qb2 Qc7 26. Nd5 Nxd5 27. cxd5 Bb5 28.
Bh6 f6 29. fxg6 hxg6 30. Qd2 Kf7 31. h4 Qc3 32. Qxc3 bxc3 33. h5 g5 34. Rc1 Rh8
35. Bxg5 Rxh5+ 36. Kg1 Rxg5 37. Rxg5 fxg5 38. Rxc3 a5 39. Kh2 Kg6 40. d4 Kf6
41. Kg3 a4 42. bxa4 Rxa4 43. Re3 Rxd4 44. Kf3 Ke5 45. Kg4 Kf6 46. Rf3+ Kg6 47.
Re3 Rd2 48. g3 Bd7+ 49. Kf3 Kh5 50. g4+ Bxg4+ 51. Kg3 Rd1 52. Kg2 Kh4 53. Kh2
Rd2+ 54. Kh1 Rf2 55. Kg1 Rf3 56. Re2 Rg3+ 57. Rg2 Rf3 58. Rh2+ Bh3 59. Rd2 Kg3
60. e5 Rf1# 0-1

[Event "21. Activity-Cup"]
[Site "Tennispoint Vienna, 1030 Wien,"]
[Date "2018.07.24"]
[Round "4.6"]
[White "Bilyalov, Erol"]
[Black "Pavlov, Julian"]
[Result "1-0"]
[WhiteElo "1495"]
[BlackElo "870"]
[PlyCount "99"]
[EventDate "2018.07.23"]

1. d4 d5 2. c4 dxc4 3. Nc3 Nc6 4. Nf3 Bg4 5. e3 Bxf3 6. gxf3 Nf6 7. Bxc4 a6 8.
Qb3 e6 9. Ne4 Nxe4 10. fxe4 Bb4+ 11. Bd2 Be7 12. Qxb7 Na7 13. Ba5 Bd6 14. e5
Be7 15. Qxc7 Qxc7 16. Bxc7 Rc8 17. Bb6 Rxc4 18. Bxa7 Bb4+ 19. Kf1 Rc7 20. a3
Be7 21. Bb8 Rc8 22. Bd6 Bxd6 23. exd6 Rd8 24. Rc1 Rxd6 25. Rc8+ Rd8 26. Rxd8+
Kxd8 27. Kg2 Ke7 28. Rc1 Rb8 29. b4 f5 30. Rc7+ Kf6 31. Ra7 Rb6 32. f4 h5 33.
h4 g6 34. Kf3 Rc6 35. Ke2 Rc2+ 36. Kf3 Rc6 37. a4 Rb6 38. a5 Rxb4 39. Rxa6 Ra4
40. d5 Kf7 41. dxe6+ Ke7 42. Ke2 Ra2+ 43. Kd3 Ra3+ 44. Kd4 Rb3 45. Rb6 Ra3 46.
Ra6 Rb3 47. Kd5 Rxe3 48. Ra7+ Kd8 49. Kd6 Re4 50. Ra8# 1-0

[Event "21. Activity-Cup"]
[Site "Tennispoint Vienna, 1030 Wien,"]
[Date "2018.07.24"]
[Round "4.8"]
[White "Pavlov, Alexander"]
[Black "Staicu, Natalia"]
[Result "1-0"]
[WhiteElo "1152"]
[BlackElo "800"]
[PlyCount "51"]
[EventDate "2018.07.23"]

1. e4 d5 2. exd5 Qxd5 3. Nc3 Qe5+ 4. Be2 Nc6 5. Nf3 Bf5 6. Nxe5 Nxe5 7. O-O
O-O-O 8. d4 Nc6 9. Be3 Nf6 10. Bb5 a6 11. Bxc6 bxc6 12. Qf3 Rd6 13. Qxf5+ e6
14. Qa5 Ne8 15. Qxa6+ Kd7 16. Ne4 Rd5 17. Nc5+ Kd6 18. Bf4+ Ke7 19. Qxc6 Kf6
20. Rfe1 Rxd4 21. Be5+ Kf5 22. Bxd4 h5 23. Qxe8 h4 24. Qxf7+ Kg5 25. Be3+ Kg4
26. h3# 1-0

[Event "21. Activity-Cup"]
[Site "Tennispoint Vienna, 1030 Wien,"]
[Date "2018.07.24"]
[Round "4.9"]
[White "Haumann, Katharina"]
[Black "Manukyan, David"]
[Result "0-1"]
[WhiteElo "800"]
[BlackElo "900"]
[PlyCount "74"]
[EventDate "2018.07.23"]

1. e4 e6 2. d3 c6 3. Bd2 d5 4. Be2 Bc5 5. Nc3 Ne7 6. Nf3 O-O 7. O-O b5 8. a3
Bb7 9. h3 a5 10. exd5 exd5 11. Bg5 h6 12. Bf4 Ng6 13. b3 b4 14. axb4 Bxb4 15.
Bd2 Qe7 16. Ra4 Re8 17. Re1 Nd7 18. Be3 Bxc3 19. Bd2 Bxd2 20. Qxd2 Nc5 21. Rg4
Bc8 22. Rd4 Ne6 23. Ra4 Nh4 24. Nxh4 Qxh4 25. Rxh4 Bb7 26. Bg4 Nf8 27. Be2 Ng6
28. d4 Nxh4 29. Qf4 Ng6 30. Qc7 Ba6 31. Kf1 Bxe2+ 32. Rxe2 Rec8 33. Qg3 a4 34.
bxa4 Rxa4 35. Re3 Rxd4 36. Rf3 Re8 37. c3 Rd1# 0-1

[Event "21. Activity-Cup"]
[Site "Tennispoint Vienna, 1030 Wien,"]
[Date "2018.07.25"]
[Round "5.1"]
[White "Miazhynski, Michael"]
[Black "Kaspar, Sebastian"]
[Result "1-0"]
[WhiteElo "1587"]
[BlackElo "1537"]
[PlyCount "71"]
[EventDate "2018.07.23"]

1. Nf3 d5 2. g3 Bf5 3. Bg2 c6 4. O-O Nf6 5. d3 e6 6. Qe1 Bc5 7. b4 Bb6 8. Bb2
Nbd7 9. Nbd2 O-O 10. e4 dxe4 11. dxe4 Bg6 12. Qe2 Bc7 13. c4 e5 14. Rad1 Qb8
15. Rfe1 b6 16. h3 c5 17. a3 Bd6 18. Bc3 Qc7 19. Nh4 Rfe8 20. Nxg6 fxg6 21. Nf1
Re6 22. Ne3 Rae8 23. h4 Bf8 24. Rd2 Rd6 25. Red1 Rd8 26. f3 Rxd2 27. Qxd2 Be7
28. Nd5 Qd6 29. Nxe7+ Qxe7 30. Qd6 Kf7 31. Bxe5 Qxd6 32. Rxd6 Ke7 33. Bxf6+
Kxd6 34. Bxd8 h6 35. f4 Nb8 36. bxc5+ 1-0

[Event "21. Activity-Cup"]
[Site "Tennispoint Vienna, 1030 Wien,"]
[Date "2018.07.25"]
[Round "5.2"]
[White "Peraus, Tizian"]
[Black "Miazhynski, Alexander"]
[Result "1-0"]
[WhiteElo "1186"]
[BlackElo "1122"]
[PlyCount "107"]
[EventDate "2018.07.23"]

1. d4 Nf6 2. Nc3 g6 3. e4 d6 4. Nf3 Bg7 5. Bc4 O-O 6. O-O Nxe4 7. Nxe4 d5 8.
Bxd5 Qxd5 9. Re1 Bf5 10. Ng3 e6 11. c3 Nd7 12. Bf4 c6 13. Ne5 Nf6 14. Nxf5 exf5
15. Qb3 Qxb3 16. axb3 Rfe8 17. Re2 Re6 18. f3 a6 19. Rae1 Rae8 20. Kf2 Nh5 21.
Bg3 Nxg3 22. hxg3 f6 23. Nd3 Rxe2+ 24. Rxe2 Rxe2+ 25. Kxe2 Bf8 26. b4 Kf7 27.
Ke3 b6 28. Nf4 Bd6 29. Ne2 g5 30. f4 Ke6 31. Kd3 c5 32. bxc5 bxc5 33. Kc4 cxd4
34. Nxd4+ Kd7 35. Nxf5 gxf4 36. Nxd6 Kxd6 37. gxf4 h5 38. Kd4 Kc6 39. Ke4 Kc5
40. b3 a5 41. Kf5 Kd5 42. Kxf6 Ke4 43. f5 Kd5 44. Ke7 Ke4 45. f6 Kd3 46. f7
Kxc3 47. f8=Q Kxb3 48. Qf2 a4 49. Qe1 a3 50. Qa1 Kb4 51. Kf6 h4 52. Kg5 Kb3 53.
Kxh4 a2 54. Kg4 1-0

[Event "21. Activity-Cup"]
[Site "Tennispoint Vienna, 1030 Wien,"]
[Date "2018.07.25"]
[Round "5.3"]
[White "Peraus, Leonie"]
[Black "Kober, Stefan"]
[Result "1-0"]
[WhiteElo "1269"]
[BlackElo "826"]
[PlyCount "120"]
[EventDate "2018.07.23"]

1. c4 e5 2. Nc3 Nf6 3. Nf3 Nc6 4. e3 d5 5. cxd5 Nxd5 6. Bb5 Nxc3 7. bxc3 Qd5 8.
Be2 e4 9. Nd4 Nxd4 10. cxd4 Qg5 11. g3 Be7 12. Qc2 O-O 13. Qxe4 f5 14. Qg2 Rb8
15. O-O b6 16. a4 Bb7 17. Bf3 Bxf3 18. Qxf3 Qg4 19. Qxg4 fxg4 20. Ba3 Bxa3 21.
Rxa3 Rf6 22. Rb3 Rc8 23. Rb5 Kf7 24. a5 a6 25. Re5 b5 26. Rg5 b4 27. Rxg4 b3
28. Rf4 Rxf4 29. gxf4 b2 30. Rb1 Rb8 31. Kf1 Ke6 32. Ke2 Rb3 33. Kd1 Kd5 34.
Kc2 Ra3 35. Kxb2 Rxa5 36. Ra1 Rb5+ 37. Kc3 a5 38. h4 c5 39. Ra4 h6 40. f3 cxd4+
41. Rxd4+ Kc5 42. Rc4+ Kb6 43. Re4 Rc5+ 44. Kb3 Rb5+ 45. Ka4 Ka6 46. Re6+ Rb6
47. Rxb6+ Kxb6 48. d4 Kc6 49. Kxa5 Kd5 50. Kb6 Kd6 51. e4 Ke6 52. Kc6 g6 53.
d5+ Kf6 54. d6 g5 55. fxg5+ hxg5 56. hxg5+ Kxg5 57. d7 Kf4 58. d8=Q Ke3 59.
Qg5+ Kd4 60. e5 Kc4 1-0

[Event "21. Activity-Cup"]
[Site "Tennispoint Vienna, 1030 Wien,"]
[Date "2018.07.25"]
[Round "5.4"]
[White "Djeno, Marta"]
[Black "Sölkner, Julian"]
[Result "0-1"]
[WhiteElo "1065"]
[BlackElo "1254"]
[PlyCount "92"]
[EventDate "2018.07.23"]

1. c4 e5 2. Nc3 Nf6 3. g3 Bc5 4. Bg2 d6 5. d3 c6 6. Nf3 Bg4 7. O-O Nbd7 8. a3
a6 9. b4 Bb6 10. Bg5 h6 11. Bd2 O-O 12. Rb1 Re8 13. Qe1 Nf8 14. a4 Qd7 15. a5
Ba7 16. Qc1 Ng6 17. Na4 Rac8 18. Be3 Bxe3 19. Qxe3 Qc7 20. Qb6 Nd7 21. Qe3 Rcd8
22. Qe4 Nf6 23. Qe3 Nd7 24. h3 Bf5 25. Nd2 Nf6 26. Nc3 Qc8 27. h4 Bh3 28. Qf3
Bxg2 29. Kxg2 d5 30. b5 d4 31. Nce4 Nxe4 32. Nxe4 c5 33. e3 f5 34. Nd2 f4 35.
Qe4 Rd6 36. Nb3 Rf6 37. Qd5+ Kh8 38. Nxc5 f3+ 39. Kh2 Nxh4 40. Qxb7 Qg4 41. Qd7
Qg6 42. b6 Nf5 43. Rh1 dxe3 44. Kg1 exf2+ 45. Kxf2 Qxg3+ 46. Kf1 Ne3# 0-1

[Event "21. Activity-Cup"]
[Site "Tennispoint Vienna, 1030 Wien,"]
[Date "2018.07.25"]
[Round "5.5"]
[White "Pavlov, Alexander"]
[Black "Bilyalov, Erol"]
[Result "0-1"]
[WhiteElo "1152"]
[BlackElo "1495"]
[PlyCount "176"]
[EventDate "2018.07.23"]

1. e4 e6 2. d4 d5 3. exd5 exd5 4. Nf3 Nf6 5. Nc3 Bb4 6. Bd2 O-O 7. Bd3 Re8+ 8.
Ne2 Bxd2+ 9. Nxd2 Bg4 10. f3 Bh5 11. Nb3 Nc6 12. Qd2 Bg6 13. Bxg6 fxg6 14.
O-O-O Qe7 15. Rhe1 Qb4 16. Qxb4 Nxb4 17. a3 Nc6 18. Ng3 b6 19. Ne2 Re7 20. Nc3
Rxe1 21. Rxe1 a6 22. Re6 Nd8 23. Re7 Rc8 24. h4 h6 25. g4 Kf8 26. Re3 Nf7 27.
Re2 Re8 28. Rxe8+ Kxe8 29. Kd2 Kd7 30. Kd3 g5 31. h5 Kd6 32. Ne2 c5 33. Nd2 Ne8
34. Ng3 cxd4 35. Kxd4 Ne5 36. Nf5+ Ke6 37. Ne3 Nf6 38. c4 Nc6+ 39. Kc3 d4+ 40.
Kd3 dxe3 41. Kxe3 Ne5 42. b3 g6 43. hxg6 Nxg6 44. b4 Kd6 45. Nb3 Ne5 46. c5+
bxc5 47. Nxc5 Nd5+ 48. Ke4 Nc7 49. Nb7+ Kc6 50. Na5+ Kd6 51. Nb7+ Ke6 52. Nc5+
Kf6 53. Nd3 Nxd3 54. Kxd3 Nd5 55. Ke4 Nb6 56. Kd4 Nd7 57. a4 Nb6 58. a5 Nc8 59.
Kd5 Ke7 60. Kc6 Nd6 61. Kb6 Kd7 62. Kxa6 Kc6 63. Ka7 Nb5+ 64. Ka6 Nd4 65. Ka7
Nxf3 66. a6 Nd4 67. Ka8 Kb6 68. a7 Nc6 69. b5 Kxb5 70. Kb7 Nxa7 71. Kxa7 Kc5
72. Kb7 Kd5 73. Kc7 Ke4 74. Kd6 Kf4 75. Kd5 Kxg4 76. Kd4 Kf3 77. Ke5 g4 78. Kd5
g3 79. Kd6 g2 80. Kd5 g1=Q 81. Kd6 Qg5 82. Ke6 Ke4 83. Kd6 Qe5+ 84. Kd7 Qf6 85.
Ke8 Qg7 86. Kd8 Kd5 87. Kc8 Kc6 88. Kd8 Qd7# 0-1

[Event "21. Activity-Cup"]
[Site "Tennispoint Vienna, 1030 Wien,"]
[Date "2018.07.25"]
[Round "5.6"]
[White "Manukyan, Sem"]
[Black "Broneder, Kurt"]
[Result "1-0"]
[WhiteElo "1166"]
[BlackElo "1098"]
[PlyCount "79"]
[EventDate "2018.07.23"]

1. d4 Nf6 2. c4 g6 3. Nc3 d5 4. cxd5 Nxd5 5. e4 Nxc3 6. bxc3 c5 7. d5 Bg7 8.
Qc2 O-O 9. Nf3 Bg4 10. Be2 Qa5 11. Bd2 Qc7 12. O-O Rd8 13. h3 Bxf3 14. Bxf3 c4
15. a4 a6 16. Rfb1 Nd7 17. Be3 Rdb8 18. a5 Be5 19. Be2 Rc8 20. Rb4 Qd6 21. Rxb7
Nc5 22. Rb6 Qd8 23. Bxc5 Rxc5 24. Ra4 Bc7 25. Rbb4 Bxa5 26. Rxc4 Rxc4 27. Rxc4
Bb6 28. Rc6 a5 29. Bb5 Qb8 30. c4 Qa7 31. c5 Bc7 32. Kh1 Be5 33. Ra6 Qb7 34. c6
Qb8 35. c7 Qxb5 36. Rxa8+ Kg7 37. Kg1 Qb4 38. Qc1 a4 39. c8=Q Bb2 40. Qh8# 1-0

[Event "21. Activity-Cup"]
[Site "Tennispoint Vienna, 1030 Wien,"]
[Date "2018.07.25"]
[Round "5.7"]
[White "Manukyan, David"]
[Black "Dotzer, Lukas"]
[Result "0-1"]
[WhiteElo "900"]
[BlackElo "1164"]
[PlyCount "180"]
[EventDate "2018.07.23"]

1. d4 d5 2. c4 e6 3. Nc3 Bb4 4. Nf3 Bxc3+ 5. bxc3 dxc4 6. e4 Nf6 7. Bg5 h6 8.
Bxf6 Qxf6 9. Qa4+ Bd7 10. Qxc4 c6 11. a4 O-O 12. Bd3 b5 13. axb5 cxb5 14. Qb3
Kh8 15. Bxb5 Qg6 16. O-O Qxe4 17. Bxd7 Nxd7 18. Rfe1 Qc6 19. Ne5 Nxe5 20. Rxe5
Rfb8 21. Qc2 Rb6 22. Rc5 Qb7 23. Re5 Rb2 24. Qe4 Qxe4 25. Rxe4 Rab8 26. Ree1
Ra8 27. Re3 Rb7 28. g3 a5 29. Re2 Rb3 30. Rc2 a4 31. Kf1 a3 32. Ke2 Kh7 33. Kd3
Kg6 34. Rca2 Rc8 35. Rc2 Kf5 36. h3 h5 37. Rac1 Rc7 38. Ke3 Rb2 39. Kd3 Rcb7
40. Rxb2 Rxb2 41. Ra1 a2 42. Ke3 Rc2 43. c4 h4 44. g4+ Kf6 45. f4 Rxc4 46. Rxa2
Rc3+ 47. Ke4 Rxh3 48. g5+ Kg6 49. Rd2 f5+ 50. gxf6 gxf6 51. Rg2+ Rg3 52. Rh2
f5+ 53. Ke5 Re3+ 54. Kd6 Kh5 55. Ke7 Kg4 56. Rg2+ Kf3 57. Rg5 Kxf4 58. Rg6 h3
59. Rh6 Kg5 60. Rh8 f4 61. Rg8+ Kf5 62. Rf8+ Ke4 63. Rd8 h2 64. Rh8 Re2 65.
Kxe6 Kxd4+ 66. Kf5 f3 67. Rh4+ Kd3 68. Kf4 f2 69. Rh3+ Kd2 70. Rf3 f1=Q 71.
Rxf1 Rg2 72. Rh1 Ke2 73. Ke4 Kf2 74. Kf4 Ke2 75. Ke4 Rg4+ 76. Kf5 Rh4 77. Kg5
Rh8 78. Kg4 Kf2 79. Kf4 Kg2 80. Rd1 h1=Q 81. Rd2+ Kh3 82. Rd3+ Kh4 83. Kf5 Qb1
84. Ke4 Rd8 85. Kf4 Qxd3 86. Ke5 Qc4 87. Kf5 Rd5+ 88. Kf6 Qc6+ 89. Ke7 Rd7+ 90.
Ke8 Qc8# 0-1

[Event "21. Activity-Cup"]
[Site "Tennispoint Vienna, 1030 Wien,"]
[Date "2018.07.25"]
[Round "5.9"]
[White "Staicu, Natalia"]
[Black "Haumann, Katharina"]
[Result "0-1"]
[WhiteElo "800"]
[BlackElo "800"]
[PlyCount "62"]
[EventDate "2018.07.23"]

1. e4 e5 2. Nf3 d6 3. c4 Bd7 4. Nc3 Be7 5. Bd3 Nf6 6. O-O Nc6 7. a4 O-O 8. Re1
h6 9. h3 Re8 10. Ra3 d5 11. cxd5 Nd4 12. Nxe5 Bxa3 13. bxa3 Rxe5 14. f3 Qe8 15.
Qc2 Nxc2 16. Bxc2 c6 17. dxc6 Bxc6 18. d3 b5 19. axb5 Bxb5 20. a4 Bc6 21. a5
Rxa5 22. Bd2 Ra3 23. Rb1 Qe5 24. Na4 Qd4+ 25. Kh1 Bxa4 26. Bd1 Bxd1 27. Rxd1
Ra1 28. Bc1 Rc8 29. Kh2 Qe5+ 30. Kh1 Rcxc1 31. Rg1 Rxg1# 0-1

[Event "21. Activity-Cup"]
[Site "Tennispoint Vienna, 1030 Wien,"]
[Date "2018.07.25"]
[Round "6.1"]
[White "Miazhynski, Michael"]
[Black "Peraus, Leonie"]
[Result "1-0"]
[WhiteElo "1587"]
[BlackElo "1269"]
[PlyCount "103"]
[EventDate "2018.07.23"]

1. c4 c5 2. Nc3 Nc6 3. g3 Nf6 4. Bg2 d6 5. Nf3 g6 6. O-O Bg7 7. Rb1 b6 8. a3
O-O 9. d3 Qc7 10. Bd2 Rb8 11. b4 a6 12. Qc1 Bd7 13. Bh6 Qc8 14. Bxg7 Kxg7 15.
Re1 Bh3 16. Bh1 Qc7 17. b5 axb5 18. Rxb5 Bd7 19. Rb3 Rfc8 20. Qd2 Qa7 21. Reb1
Na5 22. R3b2 Nc6 23. Bg2 Qa6 24. h4 Qa7 25. Ra2 Qa6 26. Ng5 Nd4 27. e3 Nc6 28.
Qc2 Bf5 29. Nge4 Nxe4 30. Nxe4 Qa7 31. Nc3 Qa6 32. Nd5 Bd7 33. Qc3+ Kg8 34.
Rab2 Be6 35. Rxb6 Rxb6 36. Rxb6 Qa7 37. Qb2 Bxd5 38. Bxd5 Ne5 39. Qb3 Qd7 40.
Bg2 Kg7 41. Qc3 f6 42. Rb7 Qf5 43. Rxe7+ Kh6 44. Qd2 Nxd3 45. e4+ g5 46. exf5
Ne5 47. hxg5+ fxg5 48. Qxd6+ Ng6 49. fxg6 hxg6 50. Be4 Rg8 51. Re8 Rxe8 52.
Qxg6# 1-0

[Event "21. Activity-Cup"]
[Site "Tennispoint Vienna, 1030 Wien,"]
[Date "2018.07.25"]
[Round "6.2"]
[White "Bilyalov, Erol"]
[Black "Peraus, Tizian"]
[Result "0-1"]
[WhiteElo "1495"]
[BlackElo "1186"]
[PlyCount "92"]
[EventDate "2018.07.23"]

1. d4 f5 2. Nc3 Nf6 3. Nf3 b6 4. Bg5 e6 5. e3 Be7 6. Be2 Bb7 7. h3 Nc6 8. a3
O-O 9. O-O Qe8 10. Nh2 Qg6 11. f4 h6 12. Bxf6 Qxf6 13. d5 Nd8 14. dxe6 dxe6 15.
Bf3 Bxf3 16. Nxf3 Kh8 17. Ne5 Rg8 18. Qh5 Kh7 19. Nd7 Qf7 20. Qxf7 Nxf7 21. Ne5
Nxe5 22. fxe5 g5 23. g4 Raf8 24. Rad1 Bc5 25. Rd7+ Rg7 26. Rxg7+ Kxg7 27. Kf2
fxg4+ 28. Ke2 Rxf1 29. Kxf1 gxh3 30. e4 h2 31. Kg2 Bg1 32. Ne2 Kg6 33. Ng3 h5
34. Ne2 h4 35. Nxg1 hxg1=Q+ 36. Kxg1 Kh5 37. b4 b5 38. Kf2 Kg4 39. Kg2 h3+ 40.
Kh2 Kh4 41. Kg1 Kg3 42. c3 h2+ 43. Kh1 Kh3 44. c4 g4 45. c5 g3 46. c6 g2# 0-1

[Event "21. Activity-Cup"]
[Site "Tennispoint Vienna, 1030 Wien,"]
[Date "2018.07.25"]
[Round "6.3"]
[White "Miazhynski, Alexander"]
[Black "Kaspar, Sebastian"]
[Result "0-1"]
[WhiteElo "1122"]
[BlackElo "1537"]
[PlyCount "76"]
[EventDate "2018.07.23"]

1. c4 e5 2. e3 c6 3. a3 Nf6 4. g3 g6 5. Bg2 d5 6. cxd5 cxd5 7. Ne2 Nc6 8. O-O
Bg7 9. d4 e4 10. Nbc3 O-O 11. Nf4 Be6 12. Qe1 a6 13. Na4 Nd7 14. b4 b5 15. Nc5
Nxc5 16. bxc5 Qe7 17. Rb1 f5 18. Bd2 g5 19. Nxe6 Qxe6 20. f3 exf3 21. Rxf3 g4
22. Rf4 Bh6 23. Rf2 Rae8 24. Rb3 Nxd4 25. Rd3 Nf3+ 26. Bxf3 gxf3 27. Rxf3 Qe4
28. Rd4 Qxf3 29. Rd3 Qe4 30. Qb1 Qc4 31. Rc3 Qe4 32. Qb3 Bg7 33. Rd3 Rd8 34. c6
Qc4 35. Qxc4 dxc4 36. Rxd8 Rxd8 37. c7 Rc8 38. Ba5 c3 0-1

[Event "21. Activity-Cup"]
[Site "Tennispoint Vienna, 1030 Wien,"]
[Date "2018.07.25"]
[Round "6.4"]
[White "Sölkner, Julian"]
[Black "Manukyan, Sem"]
[Result "1-0"]
[WhiteElo "1254"]
[BlackElo "1166"]
[PlyCount "111"]
[EventDate "2018.07.23"]

1. e4 c5 2. Nf3 Nc6 3. d4 cxd4 4. Nxd4 e5 5. Nf3 Nf6 6. Nc3 Bc5 7. Bd3 d6 8.
Bg5 h6 9. Bh4 Bg4 10. Nd5 g5 11. Bg3 Nxd5 12. exd5 Nd4 13. Be2 Nxe2 14. Qxe2
Qe7 15. Qe4 f5 16. Qa4+ Kf7 17. Qb3 f4 18. h3 Bxf3 19. Qxf3 Kg7 20. Bh2 e4 21.
Qc3+ Qf6 22. Qxf6+ Kxf6 23. Rf1 Rhe8 24. O-O-O Rac8 25. g3 Bxf2 26. Rxf2 e3 27.
Rf3 e2 28. Re1 Rc4 29. gxf4 gxf4 30. Rxf4+ Rxf4 31. Bxf4 Kf5 32. Bxh6 Kg6 33.
Bf4 Rf8 34. Be3 Rh8 35. Rxe2 Rxh3 36. Bxa7 Kf5 37. Bb8 Kf4 38. Bxd6+ Kf3 39.
Kd2 Rh4 40. Re3+ Kg2 41. Kd3 Rh1 42. Kc3 Rh8 43. Bc7 Kf2 44. Rd3 Rh7 45. d6 Rd7
46. Kb4 Ke2 47. Kc5 Kf2 48. Kb6 Ke2 49. a4 Kf2 50. a5 Ke2 51. Kxb7 Kf2 52. a6
Ke2 53. a7 Rxd6 54. Rxd6 Ke3 55. a8=Q Ke2 56. Qe8+ 1-0

[Event "21. Activity-Cup"]
[Site "Tennispoint Vienna, 1030 Wien,"]
[Date "2018.07.25"]
[Round "6.5"]
[White "Kober, Stefan"]
[Black "Dotzer, Lukas"]
[Result "0-1"]
[WhiteElo "826"]
[BlackElo "1164"]
[PlyCount "80"]
[EventDate "2018.07.23"]

1. e4 e5 2. Nf3 Nf6 3. Nc3 d6 4. Bc4 h6 5. O-O Be7 6. Re1 O-O 7. Nd5 Nxd5 8.
Bxd5 c6 9. Bb3 Nd7 10. d4 Kh8 11. d5 c5 12. c4 Nb6 13. Qd3 a5 14. Bc2 Bg4 15.
b3 a4 16. Bd2 f5 17. h3 fxe4 18. Qxe4 Bf5 19. Qxf5 Rxf5 20. Bxf5 Bf6 21. Be6 e4
22. Rxe4 Bxa1 23. Bf7 Qf6 24. Rf4 Qb2 25. bxa4 Nxa4 26. Be3 Nc3 27. Nh4 Ne2+
28. Kh2 Nxf4 29. Bxf4 Qxf2 30. Ng6+ Kh7 31. a4 Be5 32. Bxe5 dxe5 33. Nxe5 Qf4+
34. g3 Qf2+ 35. Kh1 Rxa4 36. Bg6+ Kh8 37. Nf7+ Kg8 38. Nxh6+ gxh6 39. Bf7+ Kxf7
40. d6 Ra1# 0-1

[Event "21. Activity-Cup"]
[Site "Tennispoint Vienna, 1030 Wien,"]
[Date "2018.07.25"]
[Round "6.6"]
[White "Pavlov, Julian"]
[Black "Djeno, Marta"]
[Result "1-0"]
[WhiteElo "870"]
[BlackElo "1065"]
[PlyCount "138"]
[EventDate "2018.07.23"]

1. e4 d6 2. Nf3 g6 3. Bb5+ Bd7 4. Bxd7+ Nxd7 5. d4 Ngf6 6. Nc3 Bg7 7. Bg5 O-O
8. Bxf6 Bxf6 9. O-O c5 10. dxc5 Nxc5 11. Re1 a6 12. e5 Bg7 13. exd6 Qxd6 14.
Qxd6 exd6 15. a3 b5 16. Rab1 Rab8 17. Rbd1 Rfd8 18. Nd5 Ne6 19. Ne7+ Kf8 20.
Nc6 Rbc8 21. Nxd8 Nxd8 22. Rxd6 Bxb2 23. Rxa6 Kg7 24. a4 bxa4 25. Rxa4 Rxc2 26.
Nd4 Rd2 27. Nb3 Rd3 28. Nc5 Rd5 29. Ne4 Re5 30. Ra8 Bc3 31. Re2 Ba5 32. Kf1 Nc6
33. Ra6 Rd5 34. f3 Nd4 35. Ra2 Nb3 36. Ra3 Rd1+ 37. Ke2 Rb1 38. R6xa5 Nxa5 39.
Rxa5 Rb2+ 40. Nd2 h5 41. Ra3 Rb4 42. Rb3 Rxb3 43. Nxb3 Kf6 44. Ke3 Kf5 45. Nd4+
Ke5 46. f4+ Kf6 47. h3 g5 48. fxg5+ Kxg5 49. Nf3+ Kg6 50. Kf4 f6 51. Nh4+ Kf7
52. Kf5 Kg7 53. Kf4 Kf7 54. Nf5 Kg6 55. Ne7+ Kf7 56. Nd5 Kg6 57. g4 h4 58. Ne3
Kf7 59. Ng2 Kg6 60. Nxh4+ Kf7 61. g5 fxg5+ 62. Kxg5 Kg7 63. Nf5+ Kh7 64. h4 Kh8
65. h5 Kh7 66. Nh4 Kg7 67. h6+ Kh7 68. Nf5 Kh8 69. Nd6 Kg8 {Schwarz gibt auf}
1-0

[Event "21. Activity-Cup"]
[Site "Tennispoint Vienna, 1030 Wien,"]
[Date "2018.07.25"]
[Round "6.7"]
[White "Haumann, Katharina"]
[Black "Broneder, Kurt"]
[Result "0-1"]
[WhiteElo "800"]
[BlackElo "1098"]
[PlyCount "62"]
[EventDate "2018.07.23"]

1. e4 Nf6 2. d3 d5 3. Nf3 dxe4 4. Ng5 Bg4 5. Be2 Bxe2 6. Qxe2 g6 7. Nh3 exd3 8.
cxd3 Bg7 9. O-O O-O 10. Nf4 Nc6 11. h3 Nd4 12. Qd1 c5 13. Nc3 b6 14. Bd2 Qc7
15. Re1 Rfe8 16. Rc1 Bh6 17. a4 Bxf4 18. Rb1 Bxd2 19. Qxd2 Nd7 20. Nb5 Nxb5 21.
axb5 e5 22. Rbc1 Rad8 23. Re4 Nf6 24. b4 Nxe4 25. dxe4 Rxd2 26. bxc5 Red8 27.
Rc4 Rd1+ 28. Kh2 Qe7 29. cxb6 Qf6 30. Rc7 Qf4+ 31. g3 Qxf2# 0-1

[Event "21. Activity-Cup"]
[Site "Tennispoint Vienna, 1030 Wien,"]
[Date "2018.07.26"]
[Round "7.1"]
[White "Sölkner, Julian"]
[Black "Miazhynski, Michael"]
[Result "1/2-1/2"]
[WhiteElo "1254"]
[BlackElo "1587"]
[PlyCount "108"]
[EventDate "2018.07.23"]

1. d4 Nf6 2. Nf3 g6 3. e3 Bg7 4. b3 O-O 5. Bb2 d6 6. Nc3 Nbd7 7. Bc4 c6 8. O-O
e5 9. dxe5 dxe5 10. Qe2 Qe7 11. e4 b5 12. Bd3 a5 13. a3 Rd8 14. Rfd1 Nc5 15. h3
Nh5 16. Qe3 Nf4 17. Ne2 Nfxd3 18. cxd3 Nxb3 19. Rab1 a4 20. d4 Nxd4 21. Nexd4
exd4 22. Nxd4 Bb7 23. f3 Rd7 24. Rdc1 Rc7 25. Ne2 Rd8 26. Bc3 Rcd7 27. Bb4 Qe6
28. Ba5 Rd3 29. Qa7 Qa2 30. Bxd8 Qxe2 31. Ba5 Bd4+ 32. Qxd4 Rxd4 33. Bb4 Qe3+
34. Kh1 Qg5 35. Rc5 Qd8 36. Re5 Rc4 37. Rg1 Bc8 38. Be7 Qc7 39. Bf6 Be6 40. Rd1
Rc3 41. Rd8+ Qxd8 42. Bxd8 Rxa3 43. Rc5 Ra1+ 44. Kh2 Kg7 45. Bc7 Rb1 46. Be5+
f6 47. Bf4 g5 48. Be3 a3 49. Rxc6 a2 50. Bd4 a1=Q 51. Bxa1 Rxa1 52. Rxe6 b4 53.
Rb6 Rb1 54. Kg3 b3 1/2-1/2

[Event "21. Activity-Cup"]
[Site "Tennispoint Vienna, 1030 Wien,"]
[Date "2018.07.26"]
[Round "7.2"]
[White "Peraus, Tizian"]
[Black "Peraus, Leonie"]
[Result "1/2-1/2"]
[WhiteElo "1186"]
[BlackElo "1269"]
[PlyCount "83"]
[EventDate "2018.07.23"]

1. e4 e5 2. Nf3 Nf6 3. Nc3 Bc5 4. Nxe5 Qe7 5. Nf3 Nxe4 6. Nxe4 Qxe4+ 7. Qe2
Qxe2+ 8. Bxe2 d5 9. d4 Bb6 10. O-O O-O 11. Bf4 Bg4 12. Rfe1 Nd7 13. c3 Nf6 14.
Ne5 Bxe2 15. Rxe2 c5 16. Be3 Rac8 17. Rd1 Rfe8 18. f3 h6 19. Bf2 Re6 20. Bh4
cxd4 21. cxd4 Nd7 22. Kf1 Rce8 23. Rde1 Ba5 24. Nxd7 Bxe1 25. Rxe6 Rxe6 26.
Bxe1 b6 27. Ne5 f6 28. Nd3 Rc6 29. Bc3 a5 30. a4 Rc4 31. Nf4 Rxa4 32. Nxd5 b5
33. b4 axb4 34. Bxb4 Kf7 35. Bc5 h5 36. Kf2 Kg6 37. Nb4 Kf5 38. d5 g5 39. h3 h4
40. d6 Ke6 41. g3 Kd7 42. f4 1/2-1/2

[Event "21. Activity-Cup"]
[Site "Tennispoint Vienna, 1030 Wien,"]
[Date "2018.07.26"]
[Round "7.3"]
[White "Kaspar, Sebastian"]
[Black "Dotzer, Lukas"]
[Result "1-0"]
[WhiteElo "1537"]
[BlackElo "1164"]
[PlyCount "121"]
[EventDate "2018.07.23"]

1. d4 d5 2. c4 e6 3. Nc3 c6 4. e3 Nf6 5. a3 Be7 6. c5 Nbd7 7. b4 a6 8. Nf3 O-O
9. Bd3 b6 10. O-O b5 11. e4 dxe4 12. Bxe4 Nxe4 13. Nxe4 Nf6 14. Nc3 Nd5 15.
Nxd5 exd5 16. Ne5 Bb7 17. Qg4 f5 18. Qf3 g6 19. Bh6 Bf6 20. Bxf8 Bxe5 21. dxe5
Qxf8 22. Rfe1 Re8 23. e6 Qf6 24. Qe3 Bc8 25. Qe5 Qxe5 26. Rxe5 Rxe6 27. Rxe6
Bxe6 28. a4 Kf7 29. axb5 axb5 30. f4 Bd7 31. Kf2 Kf6 32. Ra7 Be6 33. Rxh7 d4
34. Ke2 Bc4+ 35. Kd2 Bd5 36. Kd3 Bxg2 37. Kxd4 Bd5 38. h4 Be4 39. Rd7 Ke6 40.
Rd6+ Kf7 41. Ke5 Kg7 42. Ke6 Kh6 43. Kd7 Kh5 44. Rxc6 Bxc6+ 45. Kxc6 Kg4 46.
Kd5 Kxf4 47. c6 Kg3 48. c7 f4 49. c8=Q f3 50. Qc3 Kg2 51. Ke4 f2 52. Qf3+ Kg1
53. Qg3+ Kh1 54. Qxf2 g5 55. Qf1+ Kh2 56. hxg5 Kg3 57. Qf4+ Kg2 58. Qf3+ Kh2
59. Qg4 Kh1 60. Kf3 Kh2 61. Qg2# 1-0